00562nam a22001697a 450000500170000001000150001702000260003203500140005803700130007208200140008510000230009924500970012226000460021927000650026530000240033050000380035420180814105812.0 aENG-123724 a9780199482542c500.00 aEN-107256 bDBAD/PUB a230.95452 aChakrabarti, Kunal aReligious process:cby Kunal Chakrabartibthe puranas and the making of regional tradition / c2018aNew Delhi bOxford University Press aYMCA Library Building, 1 Jai Singh Road,bNew Delhi e110001 c22cm(pbk)ax,367p.  aIt include bibliography and index